000 01044nam a2200289 a 4500
999 _c762
_d762
001 2066804
003 GZU
005 20200914101014.0
008 930903s1992 rh ab b 000 0 eng
010 _a 93982159
020 _a0908311389
040 _aDLC
_cDLC
043 _af-rh---
050 0 0 _aDT2913.K38
_bW47 1992
100 1 _aWerbner, Richard P.
245 1 0 _aTears of the dead :
_bthe social biography of an African family /
_cRichard Werbner.
250 _a[2nd ed.].
260 _aHarare :
_bBaobab Books,
_c1992.
300 _axi, 211 p. :
_bill., maps ;
_c22 cm.
504 _aIncludes bibliographical references (p. [198-201]) and index.
650 0 _aKalanga (African people)
_xHistory.
650 0 _aKalanga (African people)
_xKinship.
650 0 _aKalanga (African people)
_xSocial conditions.
906 _a7
_bcbc
_corignew
_d3
_encip
_f19
_gy-gencatlg
942 _2lcc
_cBK
_h2913.K38
_iWER
_kDT